Adivina el logo - Argentina 2 - Estadísticas

Estadísticas generales
  • Esta prueba ha sido intentada 49 veces
    46 desde el último reinicio
  • La puntuación promedio es 9 de 16
Estadísticas de respuestas
Imagen Respuesta % Correcto
eltrece
90%
Los Simpsons
90%
Cif
88%
Clarín
83%
Casio
76%
Topper
76%
Pro Evolution Soccer
63%
Bonafide
61%
Guitar Hero
59%
Havanna
56%
Intrusos
54%
Isadora
46%
Hasbro
39%
Extra Large
32%
Siglo XXI
17%
Alfaguara
10%
No se encontraron pruebas coincidentes
Distribución de puntuación
Porcentaje de gente con cada puntuación
Porcentaje por número respondido
Historial de tus puntuaciones
No has intentado esta prueba desde el último reinicio